| 000 | 00749nam a2200229 a 4500 | ||
|---|---|---|---|
| 001 | BRCA_7694 | ||
| 005 | 20190320205941.0 | ||
| 008 | 230813s1958----enka######---#000-0#eng-# | ||
| 041 | _aeng | ||
| 044 | _aenk | ||
| 050 | 4 |
_aN5300 _b.B39 1958 |
|
| 100 | 1 |
_aBazin, Germain Rene Michel _919011 |
|
| 245 | 1 | 0 |
_aA concise history of art _bpart II from the Renaissance to the present today _cGermain Bazin ; traduction from the french by Francis Scarfe. |
| 260 |
_aLondres _bThames & Hudson _cc1958 |
||
| 300 |
_a534 p. _bil. (algunas a color), 377 láminas _c21 cm. |
||
| 500 | _aLa biblioteca solo cuenta con el v.2 | ||
| 500 | _aU31 | ||
| 650 | 1 | 4 |
_aArte _xHistoria _919012 |
| 700 | 1 |
_aScarfe, Francis _etr. _919013 |
|
| 902 | _aGFM | ||
| 942 |
_2lcc _cB |
||
| 999 |
_c7368 _d7368 |
||